| 000 | 00621nam a2200229Ia 4500 | ||
|---|---|---|---|
| 003 | OSt | ||
| 005 | 20220924122525.0 | ||
| 006 | a|||||r|||| 00| 0 | ||
| 007 | ta | ||
| 008 | 220923b |||||||| |||| 00| 0 urd d | ||
| 024 | _a315785 | ||
| 037 | _cTextual | ||
| 040 |
_aARTS _cARTS _burd |
||
| 041 |
_2urd _aurd |
||
| 082 | _aO168,1NGU,2, P2 | ||
| 100 |
_aSaxena Ramesh Narayan _9189769 |
||
| 245 | 0 | _aRoshni to miley | |
| 260 |
_aLuckhnow _bDanish Mahal India _c2002 |
||
| 650 | _aURDU POETRY | ||
| 942 |
_hO168,1NGU,2, P2 _cTEXL _2CC |
||
| 999 |
_c411961 _d411961 |
||